000 01992nam a2200697 a 4500
005 20140412111345.0
008 041006s19uu xx 00 eng d
020 _a0-02-830952-9
050 _aTR(GS 372.4
_bB35 2000,L.2-1
050 _aTR(GS 372.4
_bB35 L.2-B.1c1
050 _aTR(GS 372.4
_bB35 L.2-B.1c2
050 _aTR(GS 372.4
_bB35 L.2-B.1c3
050 _aTR(GS 372.4
_bB35 L.2-B.1c4
050 _aTR(GS 372.4
_bB35 L.2-B.1c5
050 _aTR(GS 372.4
_bB35 L.2-B.1c6
050 _aTR(GS 372.4
_bB35 L.2-B.1c7
050 _aTR(GS 372.4
_bB35 L.2-B.1c8
050 _aTR(GS 372.4
_bB35 L.2-B.1c9
050 _aTR(GS 372.4
_bB35 L.2-B.1c10
050 _aTR(GS 372.4
_bB35 L.2-B.1c11
050 _aTR(GS 372.4
_bB35 L.2-B.1c12
050 _aTR(GS 372.4
_bB35 L.2-B.1c13
050 _aTR(GS 372.4
_bB35 L.2-B.1c14
050 _aTR(GS 372.4
_bB35 L.2-B.1c15
050 _aTR(GS 372.4
_bB35 L.2-B.1c16
050 _aTR(GS 372.4
_bB35 L.2-B.1c17
050 _aTR(GS 372.4
_bB35 L.2-B.1c18
050 _aTR(GS 372.4
_bB35 L.2-B.1c19
050 _aTR(GS 372.4
_bB35 L.2-B.1c20
050 _aTR(GS 372.4
_bB35 L.2-B.1c21
245 _aSRA open court reading (green), L.2-B.1.
260 _aOhio, Columbus :
_bSRA McGraw-Hill Comp,
_c2000.
300 _a469 p. ; ill.
440 _aSRA open court reading, green
500 _a[1]. Sharing stories. --[2]. Kindness. --[3]. Look again.
650 _aReading
_xStudy and teaching.
999 _c105199
_d105199